Ciudad más poblada por provincia argentina (excepto capital) - Estadísticas

Estadísticas generales
  • Esta prueba ha sido intentada 284 veces
  • La puntuación promedio es 9 de 23
Estadísticas de respuestas
Provincia Población (censo 2010) Ciudad * % Correcto
Santa Fe 1.190.000 Rosario *
98%
Buenos Aires 664.000 Mar del Plata
75%
Córdoba 157.000 Rio Cuarto
66%
Rio Negro 113.000 Bariloche *
65%
Chubut 177.000 Comodoro Rivadavia *
54%
Tierra del Fuego 52.800 Río Grande
54%
Entre Ríos 147.000 Concordia
43%
Santiago del Estero 95.100 La Banda
42%
La Pampa 52.400 General Pico
38%
Corrientes 66.500 Goya
33%
Chaco 76.400 Sáenz Peña
33%
La Rioja 33.700 Chilecito
31%
San Luis 97.000 Villa Mercedes
31%
Misiones 51.700 Oberá
30%
Formosa 46.900 Clorinda
29%
Mendoza 223.000 Guaymallén
27%
Santa Cruz 51.700 Caleta Olivia
25%
Salta 66.600 Orán
24%
Catamarca 11.200 Belén
16%
Neuquén 36.200 Cutral Có
14%
San Juan 76.000 Rivadavia
13%
Jujuy 55.100 San Pedro de Jujuy
12%
Tucumán 64.600 Banda del Río Salí
6%
No se encontraron pruebas coincidentes
Distribución de puntuación
Porcentaje de gente con cada puntuación
Porcentaje por número respondido
Historial de tus puntuaciones
No has intentado esta prueba.